000 00914nam a2200253 i 4500
001 bg
245 0 0 _aSprzedaż /
_cIwona Karasek [et al.].
260 _aWarszawa :
_bWydaw. Prawnicze "LexisNexis" :
_bPolsko-Niemieckie Centrum Prawa Bankowego,
_c2004.
300 _a295, [1] s. ;
_c21 cm.
490 1 _aKlauzule Umowne w Obrocie Gospodarczym
504 _aBibliogr. s. 292-[296].
650 9 _aPrawo handlowe
_zPolska
_ystan na 2004 r.
650 9 _aUmowa
_zPolska
_ystan na 2004 r.
700 1 _aKARASEK, Iwona
830 _aKlauzule Umowne w Obrocie Gospodarczym
020 _a8373342729 ("LexisNexis")
040 _cBPK
041 0 _apol
080 _a347.7:347.45/.46](438)
920 _a83-7334-272-9 ("LexisNexis")
942 _cKS
008 s pl f |000 0 pol
999 _c44143
_d44143
856 _uhttp://koha.tu.koszalin.pl/cgi-bin/koha/opac-detail.pl?biblionumber=44143
_yKatalog online BPK